000 00371nam a22001457a 4500
040 _cPK-NSHSNUST
100 _aAbdul Wahab Dogar
_9122923
245 _aGeneral Surgery
250 _a4th Edition
260 _aKarachi
_bFarooq Kitab Ghar
_c2016
300 _avii, 280
_b24 cm
546 _aEnglish
942 _2ddc
_cBK
999 _c609300
_d609300